=LDR 00000nam 2200000 4500 =001 INLIS000000000035729 =005 20130612141550 =008 ***********************************Ind** =035 ##$$0010-061300000035729 =041 ##$$a Ind =082 ##$$a 813 =090 ##$$a 813, art i =100 ##$$a I Wayan Artika =245 ##$$a Kisah Kelam Kembar Buncing Incest =260 ##$$a 2008 $b Jogjakarta =300 ##$$a 268 hlm, ilus, 18 cm =650 ##$$a Incest =850 ##$$a NBPNMAT